000 00750nam a22002531 4500
001 35194
003 BD-RjUL
005 20211209052257.0
008 730301s1963 xx 000 0 eng
035 _a(BD-RjUL)35288
035 _a(OCoLC)567347
040 _aDLC
_cODaWU
_dUk
_dDLC
_dBD-RjUL
_beng
041 _aeng
082 _a658.562
_bHAQ 1963
100 1 _aHansen, Bertrand L.
_9107211
245 1 0 _aQuality control :
_btheory and applications /
_cBertrand L. Hansen
260 _aEnglewood Cliffs, N.J. :
_bPrentice-Hall,
_c1963.
300 _axii, 498 p. ;
_c21cm.
504 _aIncludes Bibliography: p. 485-488 and index.
650 0 _aQuality control.
_9107212
942 _2ddc
_cBK
999 _c35194
_d35194